<?xml version="1.0" encoding="UTF-8"?>
<collection xmlns="http://www.loc.gov/MARC21/slim">
 <record>
  <leader>03214cam a2200253 a 4500</leader>
  <controlfield tag="001">1/38163</controlfield>
  <controlfield tag="008">090809s2006    us            001 0 eng  </controlfield>
  <datafield tag="020" ind1=" " ind2=" ">
   <subfield code="a">9781597490429</subfield>
  </datafield>
  <datafield tag="020" ind1=" " ind2=" ">
   <subfield code="a">1597490423</subfield>
  </datafield>
  <datafield tag="035" ind1=" " ind2=" ">
   <subfield code="l">40797</subfield>
  </datafield>
  <datafield tag="040" ind1=" " ind2=" ">
   <subfield code="a">OPELS</subfield>
   <subfield code="b">eng</subfield>
   <subfield code="c">OPELS</subfield>
   <subfield code="d">OKU</subfield>
   <subfield code="d">OCLCQ</subfield>
   <subfield code="d">OCLCF</subfield>
   <subfield code="d">GR-PeUP</subfield>
  </datafield>
  <datafield tag="100" ind1="1" ind2=" ">
   <subfield code="a">Babbin, Jacob.</subfield>
  </datafield>
  <datafield tag="245" ind1="1" ind2="0">
   <subfield code="a">Security log management</subfield>
   <subfield code="h">[electronic resource] :</subfield>
   <subfield code="b">identifying patterns in the chaos /</subfield>
   <subfield code="c">Jacob Babbin ... [et al.].</subfield>
  </datafield>
  <datafield tag="260" ind1=" " ind2=" ">
   <subfield code="a">Rockland, MA :</subfield>
   <subfield code="b">Syngress,</subfield>
   <subfield code="c">c2006.</subfield>
  </datafield>
  <datafield tag="300" ind1=" " ind2=" ">
   <subfield code="a">1 online resource (xviii, 333 p.) :</subfield>
   <subfield code="b">ill.</subfield>
  </datafield>
  <datafield tag="500" ind1=" " ind2=" ">
   <subfield code="a">Includes index.</subfield>
  </datafield>
  <datafield tag="505" ind1="0" ind2=" ">
   <subfield code="a">Log analysis : overall issues -- IDS reporting -- Firewall reporting -- Systems and network device reporting -- Creating a reporting infrastructure -- Scalable enterprise Solutions (ESM deployments) -- Managing log files with Microsoft Log Parser -- Investigating intrusions with Microsoft Log Parser -- Managing Snort alerts with Microsoft Log Parser.</subfield>
  </datafield>
  <datafield tag="520" ind1=" " ind2=" ">
   <subfield code="a">This book teaches IT professionals how to analyze, manage, and automate their security log files to generate useful, repeatable information that can be use to make their networks more efficient and secure using primarily open source tools. The book begins by discussing the Top 10 security logs that every IT professional should be regularly analyzing. These 10 logs cover everything from the top workstations sending/receiving data through a firewall to the top targets of IDS alerts. The book then goes on to discuss the relevancy of all of this information. Next, the book describes how to script open source reporting tools like Tcpdstats to automatically correlate log files from the various network devices to the Top 10 list. By doing so, the IT professional is instantly made aware of any critical vulnerabilities or serious degradation of network performance. All of the scripts presented within the book will be available for download from the Syngress Solutions Web site. Almost every operating system, firewall, router, switch, intrusion detection system, mail server, Web server, and database produces some type of log file. This is true of both open source tools and commercial software and hardware from every IT manufacturer. Each of these logs is reviewed and analyzed by a system administrator or security professional responsible for that particular piece of hardware or software. As a result, almost everyone involved in the IT industry works with log files in some capacity. * Provides turn-key, inexpensive, open source solutions for system administrators to analyze and evaluate the overall performance and security of their network * Dozens of working scripts and tools presented throughout the book are available for download from Syngress Solutions Web site. * Will save system administrators countless hours by scripting and automating the most common to the most complex log analysis tasks.</subfield>
  </datafield>
  <datafield tag="650" ind1=" " ind2="4">
   <subfield code="a">Computer networks</subfield>
   <subfield code="x">Security measures.</subfield>
  </datafield>
  <datafield tag="655" ind1=" " ind2="4">
   <subfield code="a">Electronic books.</subfield>
  </datafield>
  <datafield tag="852" ind1=" " ind2=" ">
   <subfield code="a">INST</subfield>
   <subfield code="b">UNIPILB</subfield>
   <subfield code="c">EBOOKS</subfield>
   <subfield code="e">20100705</subfield>
   <subfield code="p">00b40797</subfield>
   <subfield code="q">00b40797</subfield>
   <subfield code="t">ONLINE</subfield>
   <subfield code="y">0</subfield>
  </datafield>
  <datafield tag="856" ind1="4" ind2="0">
   <subfield code="3">ScienceDirect</subfield>
   <subfield code="u">http://www.sciencedirect.com/science/book/9781597490429</subfield>
  </datafield>
  <datafield tag="856" ind1="4" ind2=" ">
   <subfield code="d">/webopac/covers/02/40797_9781597490429.jpg</subfield>
  </datafield>
  <datafield tag="856" ind1="4" ind2=" ">
   <subfield code="d">/webopac/covers/02/40797_1597490423.jpg</subfield>
  </datafield>
 </record>
</collection>
